000
00290nam a22001337a 4500
008
181205b xxu||||| |||| 00| 0 eng d
020
_a
9780896600010
041
_a
eng
080
_a
701
100
_a
44
101
_a
ART
245
_a
American Impressionism
_c
Lowell,A
942
_2
udc
_c
BK
999
_c
52833
_d
52833